000 00735nam a2200253Ia 4500
003 OSt
005 20260128115856.0
008 220923b |||||||| |||| 00| 0 eng d
020 _a9780073511375
037 _cTextbook
040 _aRTL
_cRTL
_beng
041 _2eng
_aeng
084 _aX:72 N6;Q2/TD
_qRTL
100 _aRomer, David
_91112364
245 0 _aAdvanced macroeconomics
250 _a4th
260 _aNew York
_bMcGraw-Hill
_c2012
300 _axx, 716 p.
_ccm.
490 _aMcGraw-Hill Series in Economics
500 _aBibliography: P 649-85
650 _aEconomics
_91112365
942 _hX:72, N6;Q2/TD
_cTB
_2CC
_n0
999 _c629325
_d629325